LEADER 00972nam0-22003371i-450- 001 990003755180403321 005 20051201103923.0 010 $a0-631-15155-9 035 $a000375518 035 $aFED01000375518 035 $a(Aleph)000375518FED01 035 $a000375518 100 $a20030910d--------km-y0itay50------ba 101 0 $aita 105 $ay-------001yy 200 1 $aComparative anthropology$fedited by Ladislav Holy 205 $a1.ed. 210 $aOxford$aNew York$cBSSil Blackwell$dİ1987 215 $aviii, 252 p.$d23 cm 610 0 $aAntropologia culturale$aRicerca$aMetodo comparativo 610 0 $aEtnologia$aRicerca$aMetodo comparativo 676 $a306.072$v21$zita 676 $a305.80072$v21$zita 702 1$aHoly,$bLadislav 801 0$aIT$bUNINA$gRICA$2UNIMARC 901 $aBK 912 $a990003755180403321 952 $a306.072 HOL 1$b1491$fBFS 959 $aBFS 996 $aComparative anthropology$9508580 997 $aUNINA LEADER 01473nam0 22002891i 450 001 SUN0018352 005 20160219114031.924 010 $a88-207-1236-9 100 $a20040622d1983 |0itac50 ba 101 $aita 102 $aIT 105 $a|||| ||||| 200 1 $aIntroduzione allo studio dell'omeostasi$fFernando Goglia 210 $aNapoli$cLiguori$d1983 215 $a168 p.$d25 cm. 620 $dNapoli$3SUNL000005 676 $a612.022$cProcessi di regolazione. Omeostasi$v22 700 1$aGoglia$b, Fernando$3SUNV014370$0448047 712 $aLiguori$3SUNV000052$4650 801 $aIT$bSOL$c20181217$gRICA 899 $aUFFICIO DI BIBLIOTECA DEL DIPARTIMENTO DI SCIENZE E TECNOLOGIE AMBIENTALI BIOLOGICHE E FARMACEUTICHE$1IT-CE0101$2SUN17 912 $aSUN0018352 950 $aUFFICIO DI BIBLIOTECA DEL DIPARTIMENTO DI SCIENZE E TECNOLOGIE AMBIENTALI BIOLOGICHE E FARMACEUTICHE$e17FMF4125 20181211 $sSmarrito 950 $aUFFICIO DI BIBLIOTECA DEL DIPARTIMENTO DI SCIENZE E TECNOLOGIE AMBIENTALI BIOLOGICHE E FARMACEUTICHE$d17CONS Ha22 $e17FMF4126 20040629 $sBuono 950 $aUFFICIO DI BIBLIOTECA DEL DIPARTIMENTO DI SCIENZE E TECNOLOGIE AMBIENTALI BIOLOGICHE E FARMACEUTICHE$d17PREST Ha24 $e17FMF4127 20040629 $sBuono 996 $aIntroduzione allo studio dell'omeostasi$9103427 997 $aUNICAMPANIA